John David Washington Filmography - Statistics

General Stats
  • This quiz has been taken 12 times
  • The average score is 5 of 14
Answer Stats
Hint Answer % Correct
2020 Tenet
90%
2022 Amsterdam
60%
1992 Malcolm X
60%
2018 BlacKkKlansman
50%
2021 Malcolm and Marie
50%
2018 Monster
30%
2021 Beckett
20%
2018 Monsters and Men
20%
TBD The Piano Lesson
20%
1995 Devil in A Blue Dress
10%
2017 Love Beats Rhymes
10%
2010 The Book of Eli
10%
2018 The Old Man and the Gun
10%
TBD True Love
10%
No matching quizzes found
Score Distribution
Percent of People with Each Score
Percentile by Number Answered
Your Score History
You have not taken this quiz